Adobe Photoshop CS4 : Bible (Record no. 4147)

MARC details
000 -LEADER
fixed length control field 00341nam a2200145Ia 4500
008 - FIXED-LENGTH DATA ELEMENTS--GENERAL INFORMATION
fixed length control field 191201s2009 xx 000 0 und d
082 ## - DEWEY DECIMAL CLASSIFICATION NUMBER
Classification number 006.6869
Item number CAP
100 ## - MAIN ENTRY--PERSONAL NAME
Personal name CATES, Stacy
245 #0 - TITLE STATEMENT
Title Adobe Photoshop CS4 : Bible
250 ## - EDITION STATEMENT
Edition statement rep.
260 ## - PUBLICATION, DISTRIBUTION, ETC. (IMPRINT)
Place of publication, distribution, etc N.Delhi
Name of publisher, distributor, etc W. India
Date of publication, distribution, etc 2009
300 ## - PHYSICAL DESCRIPTION
Extent 989
650 ## - SUBJECT ADDED ENTRY--TOPICAL TERM
Topical term or geographic name as entry element B.Tech(IT)
942 ## - ADDED ENTRY ELEMENTS (KOHA)
Source of classification or shelving scheme Dewey Decimal Classification
Koha item type Text Books
Holdings
Withdrawn status Lost status Source of classification or shelving scheme Damaged status Not for loan Collection code Home library Current library Date acquired Source of acquisition Cost, normal purchase price Bill Number Total Checkouts Full call number Acc. no. / Barcode Date last seen Bill Date Koha item type
    Dewey Decimal Classification     B.Tech(IT) PIET C-LIBRARY PIET C-LIBRARY 13/11/2009 J B C, New Delhi 599.00 SI-220   006.6869 CAP 13777 04/12/2019 20/10/2009 Text Books
    Dewey Decimal Classification     B.Tech(IT) PIET C-LIBRARY PIET C-LIBRARY 13/11/2009 J B C, New Delhi 599.00 SI-220   006.6869 CAP 13778 04/12/2019 20/10/2009 Text Books
    Dewey Decimal Classification     B.Tech(IT) PIET C-LIBRARY PIET C-LIBRARY 13/11/2009 J B C, New Delhi 599.00 SI-220   006.6869 CAP 13779 04/12/2019 20/10/2009 Text Books
    Dewey Decimal Classification     B.Tech(IT) PIET C-LIBRARY PIET C-LIBRARY 13/11/2009 J B C, New Delhi 599.00 SI-220   006.6869 CAP 13780 04/12/2019 20/10/2009 Text Books
    Dewey Decimal Classification     B.Tech(IT) PIET C-LIBRARY PIET C-LIBRARY 13/11/2009 J B C, New Delhi 599.00 SI-220   006.6869 CAP 13781 04/12/2019 20/10/2009 Text Books

Design & Developed by: PIET Central Library
R70 Miles Stone Pattikalyana Samalkha Panipat 132102
mail ID :- [email protected], Phone No:- 0180-2569700 Ex.216